00893namaa2200241 4500001000700000003000900007005001700016008004100033020001800074040002900092080001100121100003900132245009100171260007200262300003400334490003800368500001400406650002300420830004600443852002100489999001900510952012200529173712ES-MaACL20230906215325.0100113s1985 sp d |||| | spa d a84-86192-45-1 aIBH bspa cSpMaBN erdc a159.951 aJimeno Valdés, Agustín.96665810aConsciencia, conscienciación y psico-sociopatología / cAgustín Jimeno Valdés. aValladolid : bUniversidad, Secretariado de Publicaciones, c[1985] a189 p. : bgráf. ; c20 cm.1 aLibro de bolsillo. Medicina ; v1 aÍndice. 4aConciencia.9112410 aLibro de bolsillo. Medicina ; v19223590 aES-MaACLjL-8733 c173712d173712 00104070aATENEOMbATENEOMcDEPO2d2010-01-13eDONl0oL-8733p1182341r2023-02-23 00:00:00w2023-02-23yMONOGRAFIA